| 000 | 00611nam a22001937a 4500 | ||
|---|---|---|---|
| 999 |
_c15083 _d15083 |
||
| 003 | AR-CdUCM | ||
| 008 | 190425b ||||| |||| 00| 0 spa d | ||
| 020 | _a978-84-683-1230-9 | ||
| 040 |
_aMUNICIPALIDAD PROVINCIAL DEL CUSCO _cBIBLIOTECA MUNICIPAL DEL CUSCO |
||
| 082 |
_aPI / 803.08 / _bS61 |
||
| 100 |
_aSmith, Alex T. _934101 |
||
| 245 | _aClaude bajo los focos / | ||
| 260 |
_aBarcelona : _bEdebé, _c2014. |
||
| 300 |
_a95 páginas ; _bIlustraciones, _c18 cm. |
||
| 650 |
_aLiteratura infantil _9588 |
||
| 700 |
_aLlerena, Carmen (traducción) _934102 |
||
| 942 |
_2ddc _cLIBROS |
||
| 945 |
_aacv _d2019-04-25 |
||